Capitals AND Countries That Start With J - Statistics

General Stats
  • This quiz has been taken 8,478 times
  • The average score is 5 of 6
Answer Stats
Answer % Correct
Country Jamaica
97%
Country Japan
95%
Country Jordan
95%
Capital Jakarta
89%
Capital Jerusalem
83%
Capital Juba
82%
No matching quizzes found
Score Distribution
Percent of People with Each Score
Percentile by Number Answered
Your Score History
You have not taken this quiz